Eastern Utah Libraries Catalog: Duchesne, Heber, Roosevelt, & Vernal

Feared (Record no. 235557)

MARC details
000 -LEADER
fixed length control field 02337cim a2200601Ka 4500
001 - CONTROL NUMBER
control field on1030221580
003 - CONTROL NUMBER IDENTIFIER
control field OCoLC
005 - DATE AND TIME OF LATEST TRANSACTION
control field 20211026153706.0
007 - PHYSICAL DESCRIPTION FIXED FIELD--GENERAL INFORMATION
fixed length control field sd fsngnnmmned
008 - FIXED-LENGTH DATA ELEMENTS--GENERAL INFORMATION
fixed length control field 180322s2018 nyunnnne f n eng d
020 ## - INTERNATIONAL STANDARD BOOK NUMBER
International Standard Book Number 9781427297136
020 ## - INTERNATIONAL STANDARD BOOK NUMBER
International Standard Book Number 1427297134
024 3# - OTHER STANDARD IDENTIFIER
Standard number or code 9781427297136
Additional codes following the standard number or code 53999
035 ## - SYSTEM CONTROL NUMBER
System control number (OCoLC)1030221580
Canceled/invalid control number (OCoLC)1002126771
-- (OCoLC)1030282361
037 ## - SOURCE OF ACQUISITION
Stock number 60ccz4
Source of stock number/acquisition Blackstone Publishing
037 ## - SOURCE OF ACQUISITION
Stock number 40ccz4
Source of stock number/acquisition Blackstone Publishing
040 ## - CATALOGING SOURCE
Original cataloging agency TOH
Language of cataloging eng
Transcribing agency TOH
Modifying agency OCLCQ
-- BTCTA
-- BDX
-- EYB
-- BLACP
-- TEF
-- GK8
-- UOK
049 ## - LOCAL HOLDINGS (OCLC)
Holding library UOKA
050 #4 - LIBRARY OF CONGRESS CALL NUMBER
Classification number PS3569.C725
Item number F43 2018ab
082 04 - DEWEY DECIMAL CLASSIFICATION NUMBER
Classification number 813/.54
Edition number 23
092 ## - LOCALLY ASSIGNED DEWEY CALL NUMBER (OCLC)
Feature heading audio cd
999 ## - SYSTEM CONTROL NUMBERS (KOHA)
Koha Dewey Subclass [OBSOLETE] 03389306
100 1# - MAIN ENTRY--PERSONAL NAME
Personal name Scottoline, Lisa
9 (RLIN) 60784
Relator term author
245 10 - TITLE STATEMENT
Title Feared
Medium [sound recording] /
Statement of responsibility, etc Lisa Scottoline.
250 ## - EDITION STATEMENT
Edition statement Unabridged.
264 #1 - Production, publication, distribution, manufacture, and copyright notice
Place of production, publication, distribution, manufacture [New York] :
Name of producer, publisher, distributor, manufacturer Macmillan Audio,
Date of production, publication, distribution, manufacture, or copyright notice [2018]
300 ## - PHYSICAL DESCRIPTION
Extent 9 audio discs (10.5 hr.) :
Other physical details CD audio, digital ;
Dimensions 4 3/4 in.
306 ## - PLAYING TIME
Playing time 103000
336 ## - Content type
Content type term spoken word
337 ## - Media type
Media type term audio
338 ## - Carrier type
Content type term audio disc
500 ## - GENERAL NOTE
General note Compact discs.
511 0# - PARTICIPANT OR PERFORMER NOTE
Participant or performer note Read by Kate Burton.
520 ## - SUMMARY, ETC.
Summary, etc Machiavelli, a corrupt lawyer, files a lawsuit that shakes the DiNunzio clan to its foundations. Mary steps in to fight back, but Machiavelli is a more than worthy adversary.
650 #0 - SUBJECT ADDED ENTRY--TOPICAL TERM
Topical term or geographic name as entry element Rosato & Associates (Imaginary organization)
Form subdivision Fiction.
9 (RLIN) 5749493
650 #0 - SUBJECT ADDED ENTRY--TOPICAL TERM
Topical term or geographic name as entry element Women lawyers
Form subdivision Fiction
9 (RLIN) 5678703
650 #0 - SUBJECT ADDED ENTRY--TOPICAL TERM
Topical term or geographic name as entry element Actions and defenses
Form subdivision Fiction.
9 (RLIN) 5749494
650 #0 - SUBJECT ADDED ENTRY--TOPICAL TERM
Topical term or geographic name as entry element Sex discrimination against men
Form subdivision Fiction.
9 (RLIN) 5749495
650 #7 - SUBJECT ADDED ENTRY--TOPICAL TERM
Topical term or geographic name as entry element FICTION / Thrillers / Legal.
Source of heading or term bisacsh
9 (RLIN) 5734751
650 #7 - SUBJECT ADDED ENTRY--TOPICAL TERM
Topical term or geographic name as entry element FICTION / Mystery & Detective / Women Sleuths.
Source of heading or term bisacsh
9 (RLIN) 5687182
650 #4 - SUBJECT ADDED ENTRY--TOPICAL TERM
Topical term or geographic name as entry element Mystery.
9 (RLIN) 88282
651 #0 - SUBJECT ADDED ENTRY--GEOGRAPHIC NAME
Geographic name Philadelphia (Pa.)
Form subdivision Fiction
9 (RLIN) 5679988
655 #7 - INDEX TERM--GENRE/FORM
Genre/form data or focus term Audiobooks
Source of term lcgft
655 #7 - INDEX TERM--GENRE/FORM
Genre/form data or focus term Detective and mystery fiction
Source of term lcgft
-- 5683641
655 #7 - INDEX TERM--GENRE/FORM
Genre/form data or focus term Mystery fiction
Source of term gsafd
655 #7 - INDEX TERM--GENRE/FORM
Genre/form data or focus term Legal fiction (Literature)
Source of term lcgft
-- 5713024
655 #7 - INDEX TERM--GENRE/FORM
Genre/form data or focus term Legal stories
Source of term gsafd
655 #4 - INDEX TERM--GENRE/FORM
Genre/form data or focus term Audiobooks.
-- 6431887
655 #7 - INDEX TERM--GENRE/FORM
Genre/form data or focus term Novels
Source of term lcgft
700 1# - ADDED ENTRY--PERSONAL NAME
Personal name Burton, Kate
Relator term narrator.
9 (RLIN) 20861
856 7# - ELECTRONIC LOCATION AND ACCESS
Materials specified View cover art
Uniform Resource Identifier <a href="http://midwesttapes.com/images/movies/000/000/000/011/954/000000000011954306.jpg">http://midwesttapes.com/images/movies/000/000/000/011/954/000000000011954306.jpg</a>
Access method http
942 ## - ADDED ENTRY ELEMENTS (KOHA)
Source of classification or shelving scheme Dewey Decimal Classification
Item type Audiobook on CD
Holdings
Withdrawn status Lost status Source of classification or shelving scheme Materials specified (bound volume or other part) Damaged status Not for loan Collection code Home library Current library Shelving location Date acquired Source of acquisition Cost, normal purchase price Total Checkouts Total Renewals Full call number Barcode Date last seen Date last borrowed Cost, replacement price Price effective from Koha item type
    Dewey Decimal Classification .CIRCNOTE. 9 discs     Audiobooks Wasatch County Library Wasatch County Library Second Floor 10/27/2018 BLACKSTONE 45.00 3 4 CD Sco 34301001566647 10/14/2025 09/02/2025 45.00 03/20/2020 Audiobook on CD
This project was made possible through a grant from the Institute of Museum and Library Service administered by the Utah State Library Division.

Wasatch County Library

  • 465 East 1200 South, Heber City, Utah 84032
  • Phone 435-654-1511 | Fax 435-654-6456

Hours

  • Monday - Friday 9:30 AM - 8:00 PM
  • Saturday 9:30 AM - 1:30 PM
  • Closed Sundays and Holidays